| 000 | 00467nam a2200133 a 4500 | ||
|---|---|---|---|
| 001 | 000033369 | ||
| 005 | 20200930070218.0 | ||
| 008 | 110825s1913 dr 000 0 spa d | ||
| 040 |
_aDO-SdBNP _bspa _cBNPHU |
||
| 082 |
_axxx _bM533 |
||
| 245 | 0 | 0 | _aMemoria que al ciudadano secretario de estado de Justicia e Instrucción Puública presenta el señor rector del Instituto Profesional. |
| 260 |
_aSanto Domingo : _bLa cuna de América, _c1913. |
||
| 300 |
_a65 p. ; _c24 cm. |
||
| 999 |
_c32860 _d32860 |
||